Personalidad y destino de Jorge Manrique / (Record no. 143368)
[ view plain ]
| 000 -LEADER | |
|---|---|
| campo de control de longitud fija | 00697nam a2200217 i 4500 |
| 001 - NÚMERO DE CONTROL | |
| campo de control | 143368 |
| 003 - IDENTIFICADOR DE NÚMERO DE CONTROL | |
| campo de control | ES-MaACL |
| 005 - FECHA Y HORA DE LA ÚLTIMA TRANSACCIÓN | |
| campo de control | 20250801063042.0 |
| 007 - CAMPO FIJO DE DESCRIPCIÓN FÍSICA--INFORMACIÓN GENERAL | |
| campo de control de longitud fija | t| |
| 008 - DATOS DE LONGITUD FIJA--INFORMACIÓN GENERAL | |
| campo de control de longitud fija | 070214s1975 sp r ||||1| spa d |
| 100 1# - ENTRADA PRINCIPAL--NOMBRE DE PERSONA | |
| Nombre de persona | Serrano de Haro, Antonio, |
| Fechas asociadas al nombre | 1929- |
| 9 (RLIN) | 105746 |
| 245 10 - MENCIÓN DEL TÍTULO | |
| Título | Personalidad y destino de Jorge Manrique / |
| Mención de responsabilidad, etc. | Antonio Serrano de Haro. |
| 250 ## - MENCION DE EDICION | |
| Mención de edición | 2ª ed. rev. |
| 260 ## - PUBLICACIÓN, DISTRIBUCIÓN, ETC. | |
| Lugar de publicación, distribución, etc. | Madrid : |
| Nombre del editor, distribuidor, etc. | Gredos, |
| Fecha de publicación, distribución, etc. | 1975 ( |
| Fabricante | Cóndor) |
| 300 ## - DESCRIPCIÓN FÍSICA | |
| Extensión | 449 p. ; |
| Dimensiones | 20 cm. |
| 490 0# - MENCIÓN DE SERIE | |
| Mención de serie | Biblioteca románica hispánica. II. Estudios y ensayos ; |
| Designación de volumen o secuencia | 93 |
| RLIN | 178108 |
| 600 #0 - PUNTO DE ACCESO ADICIONAL DE MATERIA--NOMBRE DE PERSONA | |
| Nombre de persona | Manrique, Jorge, |
| Fechas asociadas al nombre | 1440?-1479 |
| 9 (RLIN) | 178074 |
| 852 ## - LOCALIZACIÓN | |
| Ubicación | ES-MaACL |
| Número de control de estantería | E-8615 |
| Sublocalización o colección | R.92975 |
| 942 ## - ELEMENTOS DE ENTRADA SECUNDARIOS (KOHA) | |
| Fuente del sistema de clasificación o colocación | Clasificación decimal universal |
| Estatus retirado | Estado de pérdida | Estado de daño | No para préstamo | Biblioteca de origen | Biblioteca actual | Ubicación en estantería | Fecha de adquisición | Fuente de adquisición | Total de préstamos | Signatura topográfica completa | Código de barras | Visto por última vez | Precio de reemplazo | Tipo de ítem Koha |
|---|---|---|---|---|---|---|---|---|---|---|---|---|---|---|
| Biblioteca del Ateneo de Madrid | Biblioteca del Ateneo de Madrid | Depósito 2 | 17/01/2008 | E-8615 | 1149163 | 23/02/2023 | 23/02/2023 | Libro impreso |
